Haghtʻanakě hamerginn ē / (Record no. 91436)

MARC details
000 -LEADER
fixed length control field 00536cam a2200181 a 4500
001 - CONTROL NUMBER
control field unk83024514
003 - CONTROL NUMBER IDENTIFIER
control field DLC
005 - DATE AND TIME OF LATEST TRANSACTION
control field 20260227112800.0
008 - FIXED-LENGTH DATA ELEMENTS--GENERAL INFORMATION
fixed length control field 830721q19001983le a 000 0 armo
010 ## - LIBRARY OF CONGRESS CONTROL NUMBER
LC control number unk83024514
Canceled/invalid LC control number 94963779
040 ## - CATALOGING SOURCE
Original cataloging agency DLC
Transcribing agency DLC
Modifying agency DLC
050 00 - LIBRARY OF CONGRESS CALL NUMBER
Classification number PK8548.P34
Item number H3
100 1# - MAIN ENTRY--PERSONAL NAME
Personal name Pērpērean, Harutʻiwn.
245 10 - TITLE STATEMENT
Title Haghtʻanakě hamerginn ē /
Statement of responsibility, etc. Harutʻiwn Pērpērean.
260 ## - PUBLICATION, DISTRIBUTION, ETC.
Place of publication, distribution, etc. [Beirut, Lebanon :
Name of publisher, distributor, etc. "Tparan Mesrop"]
Date of publication, distribution, etc. [19--]
300 ## - PHYSICAL DESCRIPTION
Extent 382 p. :
Other physical details ill. ;
Dimensions 25 cm.
500 ## - GENERAL NOTE
General note Poems and short stories.

No items available.

Powered by Koha